Стилистика немецкого языка: учебник

מידע ביבליוגרפי
מחבר ראשי: Брандес М. П. Маргарита Петровна
סיכום:Нем., рус.
שפה:רוסית
יצא לאור: Москва, Высшая школа, 1990
מהדורה:2-е изд., испр. и доп.
נושאים:
פורמט: ספר
KOHA link:https://koha.lib.tpu.ru/cgi-bin/koha/opac-detail.pl?biblionumber=220709

MARC

LEADER 00000nam0a2200000 4500
001 220709
005 20231031195453.0
010 |a 506001620X 
020 |a RU  |b 90-12608 
035 |a (RuTPU)RU\TPU\book\240841 
090 |a 220709 
100 |a 20120829d1990 m a0rusy5003 ca 
101 1 |a rus 
102 |a RU 
105 |a y j 001zy 
200 1 |a Стилистика немецкого языка  |e учебник  |f М. П. Брандес 
205 |a 2-е изд., испр. и доп. 
210 |a Москва  |c Высшая школа  |d 1990 
215 |a 320 с.  |d 22 см 
300 |a Нем., рус. 
320 |a Библиогр.: с. 312-319. 
610 1 |a немецкий язык 
610 1 |a стилистика 
610 1 |a учебники 
610 1 |a речь 
686 |a Ш143.24-923.7  |2 rubbk 
700 1 |a Брандес  |b М. П.  |g Маргарита Петровна  |4 070 
801 0 |a RU  |b RuMRKP  |c 19950417  |g psbo 
801 1 |a RU  |b 63413507  |c 20120829 
801 2 |a RU  |b 63413507  |c 20120831  |g RCR 
942 |c BK